Detalles MARC
| 000 -CABECERA |
| campo de control de longitud fija |
01404nam a2200301 b 4500 |
| 001 - NÚMERO DE CONTROL |
| campo de control |
bimo0000539747 |
| 003 - IDENTIFICADOR DEL NÚMERO DE CONTROL |
| campo de control |
AR-RoIUNI |
| 005 - FECHA Y HORA DE LA ÚLTIMA TRANSACCIÓN |
| campo de control |
20210304122025.0 |
| 007 - CAMPO FIJO DE DESCRIPCIÓN FÍSICA--INFORMACIÓN GENERAL |
| campo de control de longitud fija |
ta |
| 008 - DATOS DE LONGITUD FIJA--INFORMACIÓN GENERAL |
| campo de control de longitud fija |
961202s1995 -uk| ||| ||spa d |
| 016 7# - NÚMERO DE CONTROL DE UNA AGENCIA BIBLIOGRÁFICA NACIONAL |
| Número de control del registro |
bimoBNE19960795652 |
| Fuente |
SpMaBN |
| 020 ## - NÚMERO INTERNACIONAL ESTÁNDAR DEL LIBRO |
| Número Internacional Estándar del Libro |
0521476496 |
| 035 ## - NÚMERO DE CONTROL DEL SISTEMA |
| Número de control de sistema |
(OCoLC)432165040 |
| 040 ## - FUENTE DE LA CATALOGACIÓN |
| Centro catalogador/agencia de origen |
SpMaBN |
| Centro/agencia transcriptor |
AR-RoIUNI |
| 041 1# - CÓDIGO DE LENGUA |
| Código de lengua del texto/banda sonora o título independiente |
spa |
| Código de lengua original |
eng |
| 080 ## - NÚMERO DE LA CLASIFICACIÓN DECIMAL UNIVERSAL |
| Número de la Clasificación Decimal Universal |
159.95 |
| 100 1# - ENTRADA PRINCIPAL--NOMBRE DE PERSONA |
| Nombre de persona |
Eco, Umberto |
| Fechas asociadas al nombre |
1932-2016 |
| 240 10 - TÍTULO UNIFORME |
| Título uniforme |
<a href="Interpretation and overinterpretation">Interpretation and overinterpretation</a> |
| Lenguaje de la obra |
Español |
| 245 10 - MENCIÓN DE TÍTULO |
| Título |
Interpretación y sobreinterpretación / |
| Mención de responsabilidad, etc. |
Humberto Eco ; con colaboraciones de Richard Rorty, Jonathan Culler, Christine Brooke-Rose ; compilación de Stefan Collini ; traducción, Juan Gabriel López Guix. |
| 260 ## - PUBLICACIÓN, DISTRIBUCIÓN, ETC. (PIE DE IMPRENTA) |
| Lugar de publicación, distribución, etc. |
Cambridge : |
| Nombre del editor, distribuidor, etc. |
Cambridge University Press, |
| Fecha de publicación, distribución, etc. |
1995. |
| 300 ## - DESCRIPCIÓN FÍSICA |
| Extensión |
164 p. ; |
| Dimensiones |
22 cm |
| 505 0# - NOTA DE CONTENIDO CON FORMATO |
| Título |
Introducción : interpretación terminable e interminable / |
| Mención de responsabilidad |
Stefan Collini -- |
| Título |
1. Interpretación e historia / |
| Mención de responsabilidad |
Umberto Eco -- |
| Título |
2. La sobreinterpretación de textos / |
| Mención de responsabilidad |
Umberto Eco -- |
| Título |
3. Entre el autor y el texto / |
| Mención de responsabilidad |
Umberto Eco -- |
| Título |
4. El progreso del pragmatista / |
| Mención de responsabilidad |
Richard Rorty -- |
| Título |
5. En defensa de la sobreinterpretación / |
| Mención de responsabilidad |
Jonathan Culler -- |
| Título |
6. Historia-palimpsesto / |
| Mención de responsabilidad |
Christine Brooke-Rose -- |
| Título |
7. Réplica / |
| Mención de responsabilidad |
Umberto Eco. |
| 650 #4 - PUNTO DE ACCESO ADICIONAL DE MATERIA--TÉRMINO DE MATERIA |
| Término de materia o nombre geográfico como elemento inicial |
PSICOLOGÍA |
| 9 (RLIN) |
108 |
| 650 #4 - PUNTO DE ACCESO ADICIONAL DE MATERIA--TÉRMINO DE MATERIA |
| Término de materia o nombre geográfico como elemento inicial |
SEMIÓTICA |
| 650 #4 - PUNTO DE ACCESO ADICIONAL DE MATERIA--TÉRMINO DE MATERIA |
| Término de materia o nombre geográfico como elemento inicial |
ANÁLISIS DEL DISCURSO |
| 700 1# - PUNTO DE ACCESO ADICIONAL--NOMBRE DE PERSONA |
| Nombre de persona |
Collini, Stefan |
| 942 ## - ELEMENTOS DE PUNTO DE ACCESO ADICIONAL (KOHA) |
| Fuente del sistema de clasificación o colocación |
Clasificación Decimal Universal |
| Tipo de ítem Koha |
Libros |